Proces outsourcingu

Realizácia outsourcingu ako procesu. Charakteristika desiatich základných oblastí hlavných fáz outsourcingového projektu podľa metodiky MMDIS. Prínosy a riziká pri výbere poskytovateľa. Due diligence.

Salvato in:
Dettagli Bibliografici
Autore principale: Vaculík, Juraj
Altri autori: Fraštia, Emil
Natura: Capitolo di libro
Lingua:slovacco
Soggetti:
Tags: Aggiungi Tag
Nessun Tag, puoi essere il primo ad aggiungerne!!

MARC

LEADER 00000naa$a2200000$$$4500
001 0053920
005 20231128134201.6
041 0 |a slo 
044 |a CZ 
245 1 0 |a Proces outsourcingu  |c Juraj Vaculík, Emil Fraštia 
520 |a Realizácia outsourcingu ako procesu. Charakteristika desiatich základných oblastí hlavných fáz outsourcingového projektu podľa metodiky MMDIS. Prínosy a riziká pri výbere poskytovateľa. Due diligence. 
610 2 0 |a outsourcing 
610 2 0 |a projekty 
610 2 0 |a riziko 
610 2 0 |a analýzy 
610 2 0 |a dodávatelia 
610 2 0 |a zmluvy 
610 2 0 |a riadenie 
610 2 0 |a podnik 
100 1 |a Vaculík, Juraj 
700 1 |a Fraštia, Emil